[Event "Mazowiec-chT 1213"]
[Site "Poland"]
[Date "2013.02.24"]
[Round "9.7"]
[White "Szewczyk, Mariusz"]
[Black "Brudzinski, Maciej"]
[Result "1/2-1/2"]
[WhiteElo "2074"]
[BlackElo "1808"]
[PlyCount "99"]
[EventDate "2013.01.13"]
[EventType "team-tourn"]
[EventRounds "10"]
[EventCountry "POL"]
[SourceTitle "EXT 2019"]
[Source "ChessBase"]
[SourceDate "2018.10.10"]
[SourceVersion "1"]
[SourceVersionDate "2018.10.10"]
[SourceQuality "1"]

1. e4 d6 2. d4 Nf6 3. Nc3 g6 4. Be2 Bg7 5. Be3 0-0 6. Qd2 Re8 7. 0-0-0 c6 8. f3 b5 9. g4 a5 10. g5 Nfd7 11. h4 a4 12. f4 Nf8 13. Nb1 Qa5 14. h5 b4 15. hxg6 hxg6 16. Rf1 c5 17. dxc5 dxc5 18. Bc4 Ba6 19. Qd5 Bxc4 20. Qxc4 Qa6 21. Nd2 a3 22. b3 Nbd7 23. e5 Qxc4 24. Nxc4 Ne6 25. Nf3 f6 26. Rd1 Rad8 27. Rd5 Nc7 28. Rd3 fxe5 29. fxe5 Rf8 30. Rhd1 Rxf3 31. Rxd7 Rxd7 32. Rxd7 Nb5 33. Bxc5 Nc3 34. Rxe7 Nxa2+ 35. Kd2 Rg3 36. Re8+ Kh7 37. Rb8 Rxg5 38. e6 Rg2+ 39. Kd3 Nc1+ 40. Ke4 a2 41. Ra8 Rxc2 42. e7 Nxb3 43. Rxa2 Rxc4+ 44. Kf3 Rc3+ 45. Kg2 Nxc5 46. e8Q b3 47. Rf2 Rc2 48. Qb5 Rxf2+ 49. Kxf2 b2 50. Ke2 1/2-1/2

[Event "Mazowiec-chT 1213"]
[Site "Poland"]
[Date "2013.01.13"]
[Round "1.16"]
[White "Brudzinski, Maciej"]
[Black "Winiarski, Mikolaj"]
[Result "0-1"]
[WhiteElo "1808"]
[BlackElo "2089"]
[PlyCount "44"]
[EventDate "2013.01.13"]
[EventType "team-tourn"]
[EventRounds "10"]
[EventCountry "POL"]
[SourceTitle "EXT 2019"]
[Source "ChessBase"]
[SourceDate "2018.10.10"]
[SourceVersion "1"]
[SourceVersionDate "2018.10.10"]
[SourceQuality "1"]

1. e4 c5 2. d4 cxd4 3. c3 d5 4. exd5 Qxd5 5. Qxd4 Qxd4 6. cxd4 e6 7. Nf3 Nc6 8. a3 Nf6 9. Nc3 Be7 10. Bd3 a6 11. b4 b5 12. 0-0 0-0 13. h3 Bb7 14. Bf4 Rfd8 15. Bc7 Rdc8 16. Bb6 Nxb4 17. axb4 Rxc3 18. Ne5 Bxb4 19. Rab1 Bd6 20. Rfd1 Bc7 21. Bc5 Rxc5 22. dxc5 Bxe5 0-1

[Event "Milanowek-ch"]
[Site "Milanowek"]
[Date "2012.07.04"]
[Round "5"]
[White "Brudzinski, Maciej"]
[Black "Starczewski, Michal"]
[Result "1-0"]
[WhiteElo "1899"]
[BlackElo "1541"]
[PlyCount "55"]
[EventDate "2012.06.30"]
[EventType "swiss"]
[EventRounds "9"]
[EventCountry "POL"]
[SourceTitle "EXT 2014"]
[Source "ChessBase"]
[SourceDate "2013.11.20"]
[SourceVersion "1"]
[SourceVersionDate "2013.11.20"]
[SourceQuality "1"]

1. e4 c5 2. Nf3 d6 3. Bc4 Nc6 4. d4 cxd4 5. c3 dxc3 6. Nxc3 e6 7. 0-0 a6 8. a4 Nge7 9. Bf4 Ng6 10. Bg3 Be7 11. h4 Nxh4 12. Nxh4 Bxh4 13. Bxd6 Be7 14. e5 0-0 15. Ne4 Re8 16. Qh5 h6 17. Rad1 Qa5 18. f4 Bxd6 19. Nxd6 Re7 20. Rf3 Bd7 21. Rg3 Nxe5 22. fxe5 Bxa4 23. b3 Bc6 24. Nxf7 Rxf7 25. Bxe6 Raf8 26. Rf1 Qb6+ 27. Kh2 Be8 28. Qxh6 1-0

[Event "Milanowek-ch"]
[Site "Milanowek"]
[Date "2012.07.01"]
[Round "2"]
[White "Goslawski, Michal"]
[Black "Brudzinski, Maciej"]
[Result "1-0"]
[WhiteElo "2100"]
[BlackElo "1899"]
[PlyCount "123"]
[EventDate "2012.06.30"]
[EventType "swiss"]
[EventRounds "9"]
[EventCountry "POL"]
[SourceTitle "EXT 2014"]
[Source "ChessBase"]
[SourceDate "2013.11.20"]
[SourceVersion "1"]
[SourceVersionDate "2013.11.20"]
[SourceQuality "1"]

1. e4 d6 2. d4 Nf6 3. Nc3 e5 4. dxe5 dxe5 5. Qxd8+ Kxd8 6. Nf3 Nbd7 7. Ng5 Ke8 8. Bc4 Bb4 9. Bxf7+ Ke7 10. Bb3 h6 11. Ne6 Nxe4 12. 0-0 Nxc3 13. bxc3 Ba5 14. Nxg7 Nc5 15. Ba3 b6 16. Bb4 h5 17. Bd5 Rb8 18. Rab1 Bxb4 19. cxb4 Na4 20. Bf3 Kf7 21. Nxh5 e4 22. Be2 Be6 23. Ng3 Nc3 24. Ra1 Rbd8 25. Rfe1 Rd2 26. a4 Rh4 27. a5 Rxc2 28. Rac1 Rxc1 29. Rxc1 Nd5 30. axb6 axb6 31. b5 Ke7 32. Rc4 Rh8 33. Rxe4 Nc3 34. Re3 Nxe2+ 35. Nxe2 Rd8 36. h4 Rd1+ 37. Kh2 Kd6 38. Nc3 Rd4 39. g3 Bc4 40. h5 Kc5 41. h6 Bd3 42. Re7 Rd6 43. Rxc7+ Kb4 44. Rc6 Rd7 45. f4 Rb7 46. g4 Bxb5 47. Nxb5 Kxb5 48. Re6 Kc4 49. g5 b5 50. g6 b4 51. g7 Rb8 52. h7 b3 53. g8Q Rxg8 54. hxg8Q b2 55. Re2+ Kc3 56. Qg3+ Kd4 57. Qe3+ Kc4 58. Rc2+ Kb4 59. Qb6+ Ka3 60. Qxb2+ Ka4 61. Qb1 Ka3 62. Ra2# 1-0

[Event "Warsaw Najdorf Memorial op-B"]
[Site "Warsaw"]
[Date "2011.07.21"]
[Round "9"]
[White "Murawko, Katarzyna"]
[Black "Brudzinski, Maciej"]
[Result "1-0"]
[WhiteElo "1796"]
[BlackElo "1918"]
[PlyCount "69"]
[EventDate "2011.07.14"]
[EventType "swiss"]
[EventRounds "9"]
[EventCountry "POL"]
[SourceTitle "EXT 2012"]
[Source "ChessBase"]
[SourceDate "2011.11.24"]
[SourceVersion "1"]
[SourceVersionDate "2011.11.24"]
[SourceQuality "1"]

1. e4 a6 2. d4 b5 3. Nf3 Bb7 4. Bd3 e6 5. 0-0 c5 6. c3 Nf6 7. Nbd2 Qc7 8. e5 Nd5 9. Ne4 cxd4 10. cxd4 Nc6 11. a3 d6 12. Qe2 h6 13. Bd2 dxe5 14. dxe5 Rd8 15. Rac1 Qb6 16. Rfd1 Be7 17. b4 g5 18. h3 Rg8 19. Nc5 Bc8 20. Be4 Bxc5 21. Rxc5 Nce7 22. Nd4 Qb8 23. Bf3 Bb7 24. Bh5 Ng6 25. Qg4 Ngf4 26. Bxf4 Nxf4 27. g3 Nxh5 28. Qxh5 Rg6 29. Qe2 Rd7 30. Nc6 Bxc6 31. Rxc6 Rxd1+ 32. Qxd1 Kf8 33. Qd4 g4 34. Qc5+ Kg7 35. Rc8 1-0

[Event "Warsaw Najdorf Memorial op-B"]
[Site "Warsaw"]
[Date "2011.07.14"]
[Round "1"]
[White "Brudzinski, Maciej"]
[Black "Kokoszczynski, Jan"]
[Result "1-0"]
[WhiteElo "1918"]
[BlackElo "1575"]
[PlyCount "67"]
[EventDate "2011.07.14"]
[EventType "swiss"]
[EventRounds "9"]
[EventCountry "POL"]
[SourceTitle "EXT 2012"]
[Source "ChessBase"]
[SourceDate "2011.11.24"]
[SourceVersion "1"]
[SourceVersionDate "2011.11.24"]
[SourceQuality "1"]

1. e4 c5 2. d4 cxd4 3. c3 d3 4. Bxd3 d6 5. Nf3 Nc6 6. h3 Bd7 7. 0-0 g6 8. Bg5 Bg7 9. Qd2 Nf6 10. Bh6 0-0 11. Na3 Rc8 12. Rad1 a6 13. Rfe1 Re8 14. Bxg7 Kxg7 15. Nc4 Na5 16. Ne3 Nc6 17. Bb1 Qc7 18. g4 h5 19. e5 dxe5 20. g5 Red8 21. gxf6+ exf6 22. Nd5 Qa5 23. Qe3 Be6 24. Nb6 Rxd1 25. Rxd1 Rh8 26. a3 Bxh3 27. Rd5 Qxd5 28. Nxd5 Rd8 29. Ba2 Be6 30. c4 b5 31. cxb5 axb5 32. Qc5 Bg4 33. Qxc6 Bxf3 34. Qxf6+ 1-0

[Event "POL-chT3 Mazowiecki"]
[Site "Warsaw"]
[Date "2011.03.20"]
[Round "9.15"]
[White "Brudzinski, Maciej"]
[Black "Paziewski, Marcin"]
[Result "1-0"]
[WhiteElo "1913"]
[BlackElo "1788"]
[PlyCount "141"]
[EventDate "2011.01.09"]
[EventType "team-tourn"]
[EventRounds "10"]
[EventCountry "POL"]
[SourceTitle "EXT 2015"]
[Source "ChessBase"]
[SourceDate "2014.11.20"]
[SourceVersion "1"]
[SourceVersionDate "2014.11.20"]
[SourceQuality "1"]
[WhiteTeam "Bialoleka PKS Agape"]
[BlackTeam "Piastow Roszmeni"]
[WhiteTeamCountry "POL"]
[BlackTeamCountry "POL"]

1. e4 e6 2. d3 d5 3. Nd2 dxe4 4. dxe4 Nd7 5. f4 Ngf6 6. e5 Nd5 7. Ne4 Nc5 8. Qd4 Nxe4 9. Qxe4 Bc5 10. Nf3 0-0 11. Bd2 Bd7 12. Ng5 f5 13. exf6 Nxf6 14. Qc4 Qe7 15. Bd3 h6 16. Ne4 Bd6 17. 0-0 Bc6 18. Nc3 Nd5 19. Rae1 Nxc3 20. Qxc3 Rae8 21. Bc4 Qf6 22. Qb3 Bd7 23. Bc3 Qe7 24. g3 Kh8 25. Qxb7 Bc5+ 26. Kg2 Qd6 27. Qb3 Bc6+ 28. Rf3 Bxf3+ 29. Kxf3 Qc6+ 30. Re4 Re7 31. Be5 Bd6 32. Bb5 Qb7 33. Ke3 Bxe5 34. Rxe5 Qb6+ 35. Ke2 Rd8 36. Bd3 Qxb3 37. axb3 Rd6 38. f5 Rd5 39. Re3 e5 40. g4 Ra5 41. h4 Ra2 42. g5 hxg5 43. hxg5 Kg8 44. g6 Ra5 45. Rh3 Rd7 46. Bc4+ Kf8 47. Rh8+ Ke7 48. Be6 Rd8 49. Rh4 Rc5 50. c4 Rb8 51. Rh3 a5 52. Rd3 Rc6 53. Rd7+ Kf6 54. Rf7+ Kg5 55. Rxg7 Rxe6 56. fxe6 Kf6 57. Rxc7 Kxe6 58. g7 Kd6 59. Rf7 Rg8 60. Kd3 Ke6 61. Ra7 Kf5 62. c5 Ke6 63. Ke4 Kf6 64. c6 Ke6 65. Rd7 Rb8 66. Rd3 Rb4+ 67. Ke3 Rb8 68. c7 Rc8 69. Rd8 Rxc7 70. g8Q+ Rf7 71. Ke4 1-0

[Event "POL-chT3 Mazowiecki"]
[Site "Warsaw"]
[Date "2011.03.06"]
[Round "8.4"]
[White "Brudzinski, Maciej"]
[Black "Szukalski, Antoni"]
[Result "1/2-1/2"]
[WhiteElo "1913"]
[BlackElo "1815"]
[PlyCount "81"]
[EventDate "2011.01.09"]
[EventType "team-tourn"]
[EventRounds "10"]
[EventCountry "POL"]
[SourceTitle "EXT 2015"]
[Source "ChessBase"]
[SourceDate "2014.11.20"]
[SourceVersion "1"]
[SourceVersionDate "2014.11.20"]
[SourceQuality "1"]
[WhiteTeam "Bialoleka PKS Agape"]
[BlackTeam "Chylice UKS Szachylice"]
[WhiteTeamCountry "POL"]
[BlackTeamCountry "POL"]

1. e4 c6 2. f4 d5 3. e5 Bf5 4. d4 e6 5. Bd3 Bxd3 6. Qxd3 c5 7. c3 cxd4 8. cxd4 Nc6 9. Nf3 Nge7 10. Nc3 Qb6 11. 0-0 Nf5 12. Kh1 Bb4 13. a3 Be7 14. Ne2 Na5 15. g4 Nh6 16. h3 0-0-0 17. b4 Nc4 18. Nd2 Nxd2 19. Bxd2 Kb8 20. a4 Rc8 21. a5 Qc6 22. Rfc1 Qd7 23. f5 Ng8 24. Rxc8+ Kxc8 25. Rc1+ Kb8 26. b5 Bd8 27. Bb4 Be7 28. Bd2 Bd8 29. a6 Ne7 30. f6 gxf6 31. exf6 Ng6 32. g5 Bc7 33. axb7 Qd6 34. Kg1 Qh2+ 35. Kf1 Nh4 36. Rxc7 Qg2+ 37. Ke1 Qh1+ 38. Kf2 Qg2+ 39. Ke1 Qh1+ 40. Kf2 Qg2+ 41. Ke1 1/2-1/2

[Event "Polanica Zdroj op-A 47th"]
[Site "Polanica Zdroj"]
[Date "2011.??.??"]
[Round "4"]
[White "Brudzinski, Maciej"]
[Black "Maruszczak, Joanna"]
[Result "1-0"]
[WhiteElo "1918"]
[BlackElo "1735"]
[PlyCount "64"]
[EventDate "2011.08.19"]
[EventType "swiss"]
[EventRounds "9"]
[EventCountry "POL"]
[SourceTitle "CBM 144 Extra"]
[Source "ChessBase"]
[SourceDate "2011.10.28"]
[SourceVersion "1"]
[SourceVersionDate "2011.10.28"]
[SourceQuality "1"]

1. e4 c5 2. d4 cxd4 3. c3 dxc3 4. Nxc3 Nc6 5. Bc4 d6 6. Nf3 e6 7. 0-0 Nf6 8. Qe2 Be7 9. Rd1 e5 10. h3 0-0 11. a4 Be6 12. Nd5 Bxd5 13. exd5 Nb8 14. Bg5 Nbd7 15. Nh4 Nb6 16. Ba2 Nxa4 17. Nf5 Nb6 18. f4 h6 19. Bh4 e4 20. Rd4 Re8 21. Re1 Nbd7 22. Bb1 Bf8 23. Rxe4 g6 24. Rxe8 Qxe8 25. Qd3 Qd8 26. Nd4 Qb6 27. Bf2 Qxb2 28. Ne6 Qb4 29. Rc1 a5 30. Rc4 Nxd5 31. Rxb4 Nxb4 32. Qg3 a4 1-0

[Event "Warsaw Four Seasons op 2nd"]
[Site "Warsaw"]
[Date "2011.??.??"]
[Round "3"]
[White "Jarmula, Pawel"]
[Black "Brudzinski, Maciej"]
[Result "1-0"]
[WhiteElo "2214"]
[BlackElo "1907"]
[PlyCount "23"]
[EventDate "2011.11.26"]
[EventType "swiss"]
[EventRounds "9"]
[EventCountry "POL"]
[SourceTitle "EXT 2014"]
[Source "ChessBase"]
[SourceDate "2013.11.20"]
[SourceVersion "1"]
[SourceVersionDate "2013.11.20"]
[SourceQuality "1"]

1. e4 d6 2. d4 Nf6 3. Nc3 Nbd7 4. Nf3 e5 5. Bc4 Be7 6. 0-0 0-0 7. h3 c6 8. a4 a6 9. a5 exd4 10. Qxd4 Qc7 11. Bf4 Nc5 12. Qxc5 1-0

[Event "Warsaw Four Seasons op 2nd"]
[Site "Warsaw"]
[Date "2011.??.??"]
[Round "6"]
[White "Kowalski, Igor"]
[Black "Brudzinski, Maciej"]
[Result "1-0"]
[WhiteElo "1608"]
[BlackElo "1907"]
[PlyCount "71"]
[EventDate "2011.11.26"]
[EventType "swiss"]
[EventRounds "9"]
[EventCountry "POL"]
[SourceTitle "EXT 2014"]
[Source "ChessBase"]
[SourceDate "2013.11.20"]
[SourceVersion "1"]
[SourceVersionDate "2013.11.20"]
[SourceQuality "1"]

1. e4 a6 2. d4 b5 3. c4 b4 4. Bf4 Bb7 5. Nd2 e6 6. d5 Bc5 7. Nb3 Ba7 8. Na5 Qc8 9. Qa4 c5 10. Be5 f6 11. Bd6 e5 12. a3 Bb6 13. axb4 Ra7 14. Nf3 Nh6 15. Nb3 cxb4 16. Qxb4 Bc7 17. Bc5 a5 18. Qc3 Ra8 19. Nxa5 d6 20. Be3 Ng4 21. Nb3 Nxe3 22. fxe3 Na6 23. Bd3 Bb6 24. Ke2 0-0 25. Nbd2 Qg4 26. g3 Nc5 27. b4 Nxd3 28. Qxd3 Rac8 29. c5 dxc5 30. Qb5 Bxd5 31. Qxb6 c4 32. exd5 e4 33. Qe6+ Qxe6 34. dxe6 exf3+ 35. Nxf3 Rfe8 36. Nd4 1-0

[Event "Warsaw Ursus op 4th"]
[Site "Warsaw"]
[Date "2010.06.05"]
[Round "7"]
[White "Brudzinski, Maciej"]
[Black "Duniec, Mateusz"]
[Result "1-0"]
[WhiteElo "1939"]
[BlackElo "1574"]
[PlyCount "81"]
[EventDate "2010.05.29"]
[EventType "swiss"]
[EventRounds "9"]
[EventCountry "POL"]
[SourceTitle "CBM 136 Extra"]
[Source "ChessBase"]
[SourceDate "2010.07.02"]
[SourceVersion "2"]
[SourceVersionDate "2010.07.15"]
[SourceQuality "1"]

1. e4 c5 2. d4 cxd4 3. c3 d3 4. Bxd3 Nc6 5. Nf3 d5 6. exd5 Qxd5 7. 0-0 Nf6 8. c4 Qd8 9. Nc3 Bg4 10. Be2 a6 11. Qa4 Qa5 12. Rd1 Qxa4 13. Nxa4 e6 14. Nb6 Rb8 15. Bf4 Bxf3 16. Bxf3 e5 17. Re1 Bd6 18. Rad1 Bc7 19. Bxc6+ bxc6 20. Bxe5 Bxe5 21. Rxe5+ Kf8 22. c5 Re8 23. Rxe8+ Kxe8 24. Rd6 Ke7 25. Rxc6 Rd8 26. Kf1 Rd2 27. Nc8+ Kd7 28. Rd6+ Rxd6 29. Nxd6 Kc6 30. b4 Nd5 31. a3 f6 32. Ke1 a5 33. bxa5 Kxc5 34. Ne8 g6 35. a4 f5 36. Kd2 Kb4 37. a6 Nb6 38. Nf6 h6 39. a7 Kxa4 40. Nd5 Na8 41. Ne7 1-0

[Event "Warsaw Ursus op 4th"]
[Site "Warsaw"]
[Date "2010.06.05"]
[Round "5"]
[White "Brudzinski, Maciej"]
[Black "Winiarski, Mikolaj"]
[Result "1-0"]
[WhiteElo "1939"]
[BlackElo "1674"]
[PlyCount "45"]
[EventDate "2010.05.29"]
[EventType "swiss"]
[EventRounds "9"]
[EventCountry "POL"]
[SourceTitle "CBM 136 Extra"]
[Source "ChessBase"]
[SourceDate "2010.07.02"]
[SourceVersion "2"]
[SourceVersionDate "2010.07.15"]
[SourceQuality "1"]

1. e4 c5 2. Bc4 Nc6 3. c3 Nf6 4. Qe2 d6 5. f4 d5 6. exd5 Nxd5 7. Qf2 e6 8. Ne2 Be7 9. 0-0 0-0 10. Na3 a6 11. Ng3 b5 12. Be2 Bb7 13. Nc2 Qd7 14. d3 Bd8 15. Ne3 Bb6 16. Nh5 f6 17. Qg3 Kh8 18. f5 Rf7 19. fxe6 Qxe6 20. Bg4 Qe5 21. Nxd5 Qxd5 22. Nf4 Qd6 23. Ng6+ 1-0

[Event "Warsaw Ursus op 4th"]
[Site "Warsaw"]
[Date "2010.05.29"]
[Round "2"]
[White "Matuszewski, Maciej"]
[Black "Brudzinski, Maciej"]
[Result "0-1"]
[WhiteElo "1594"]
[BlackElo "1939"]
[PlyCount "111"]
[EventDate "2010.05.29"]
[EventType "swiss"]
[EventRounds "9"]
[EventCountry "POL"]
[SourceTitle "CBM 136 Extra"]
[Source "ChessBase"]
[SourceDate "2010.07.02"]
[SourceVersion "2"]
[SourceVersionDate "2010.07.15"]
[SourceQuality "1"]

1. d4 d5 2. c4 c6 3. Nf3 Nf6 4. Bg5 h6 5. Bh4 g5 6. Bg3 Bf5 7. e3 Ne4 8. Nbd2 Qa5 9. a3 dxc4 10. Bxc4 b5 11. Ba2 Nd7 12. 0-0 Bg7 13. Nxe4 Bxe4 14. Rc1 b4 15. Qb3 Bd5 16. Qxb4 Qxb4 17. axb4 Bxa2 18. Rxc6 g4 19. Nd2 Be6 20. Rfc1 Nb6 21. b3 0-0 22. Nc4 Nd5 23. b5 Nb4 24. Rc7 Nd5 25. Rc6 Nb4 26. Rc7 Nd5 27. Rc6 Rfc8 28. Ne5 Rab8 29. R6c5 Rb7 30. e4 Nb4 31. R1c3 Bxe5 32. Bxe5 f6 33. Bf4 Rd8 34. d5 Nxd5 35. exd5 Rxd5 36. Rxd5 Bxd5 37. Bxh6 Rxb5 38. h3 gxh3 39. gxh3 a5 40. Be3 Bxb3 41. Rc5 Rxc5 42. Bxc5 Kf7 43. Kg2 e5 44. Kf3 Ke6 45. Ke3 Kd5 46. Be7 f5 47. Kd3 Bd1 48. Kc3 Ke4 49. h4 Be2 50. Kb3 Bd1+ 51. Kc3 Kf4 52. Kc4 Kg4 53. Kb5 a4 54. Kb4 f4 55. Kc4 e4 56. Kd4 0-1

[Event "Warsaw op 05"]
[Site "Warsaw"]
[Date "2009.06.06"]
[Round "6"]
[White "Krasiewicz, Robert"]
[Black "Brudzinski, Maciej"]
[Result "1/2-1/2"]
[WhiteElo "2094"]
[BlackElo "1939"]
[PlyCount "113"]
[EventDate "2009.05.30"]
[EventType "swiss"]
[EventRounds "9"]
[EventCountry "POL"]
[SourceTitle "EXT 2012"]
[Source "ChessBase"]
[SourceDate "2011.11.24"]
[SourceVersion "1"]
[SourceVersionDate "2011.11.24"]
[SourceQuality "1"]

1. d4 Nf6 2. c4 c5 3. Nf3 e6 4. Nc3 a6 5. e4 cxd4 6. Nxd4 Bb4 7. Bd3 Nc6 8. Nde2 Ne5 9. f4 Nxd3+ 10. Qxd3 d5 11. e5 Ne4 12. Be3 Qa5 13. cxd5 exd5 14. 0-0 Bf5 15. Nd4 g6 16. Nxf5 gxf5 17. Nxd5 Rd8 18. Rfd1 Bc5 19. Nf6+ Ke7 20. Qb3 Bxe3+ 21. Qxe3 Nxf6 22. exf6+ Kxf6 23. b4 Qc7 24. Qf2 h6 25. Rac1 Rxd1+ 26. Rxd1 Re8 27. Qd4+ Kg6 28. Qd6+ Qxd6 29. Rxd6+ Re6 30. Rxe6+ fxe6 31. Kf2 Kf6 32. Kg3 e5 33. fxe5+ Kxe5 34. Kh4 Kf6 35. Kh5 Kg7 36. a4 b5 37. axb5 axb5 38. Kh4 Kf6 39. Kg3 Ke5 40. Kh4 Kd4 41. Kh5 Kc3 42. Kxh6 Kxb4 43. Kg5 Kc5 44. h4 b4 45. h5 b3 46. h6 b2 47. h7 b1Q 48. h8Q Qc1+ 49. Kg6 Qf1 50. Qc8+ Kd4 51. Qd7+ Ke5 52. Qe7+ Kd5 53. Qg5 Ke4 54. Qe7+ Kd5 55. g3 Qf2 56. Qd7+ Ke5 57. Qb5+ 1/2-1/2

[Event "Warsaw op 05"]
[Site "Warsaw"]
[Date "2009.05.31"]
[Round "4"]
[White "Chmielewska, Joanna"]
[Black "Brudzinski, Maciej"]
[Result "1/2-1/2"]
[WhiteElo "1713"]
[BlackElo "1939"]
[PlyCount "79"]
[EventDate "2009.05.30"]
[EventType "swiss"]
[EventRounds "9"]
[EventCountry "POL"]
[SourceTitle "EXT 2012"]
[Source "ChessBase"]
[SourceDate "2011.11.24"]
[SourceVersion "1"]
[SourceVersionDate "2011.11.24"]
[SourceQuality "1"]

1. e4 d6 2. Bc4 Nf6 3. d3 c6 4. h3 a5 5. a4 Bd7 6. Nc3 Na6 7. f4 e5 8. Nf3 exf4 9. Bxf4 Be7 10. Qc1 0-0 11. 0-0 b5 12. axb5 cxb5 13. Bxb5 Nh5 14. Bxd7 Nxf4 15. Qxf4 Qxd7 16. Rxa5 Nb4 17. Rxa8 Rxa8 18. Nd5 Nxd5 19. exd5 Bf6 20. b3 Ra2 21. Qc4 h6 22. Nd2 Qa7+ 23. Kh1 Ra1 24. Qc8+ Kh7 25. Qf5+ Kg8 26. Nc4 Ra6 27. Re1 Ra1 28. Rf1 Ra6 29. Qe4 Ra1 30. Rxa1 Qxa1+ 31. Kh2 Bd4 32. Qe2 g6 33. Qe8+ Kg7 34. Qe2 h5 35. Ne3 Be5+ 36. g3 h4 37. Ng4 Bxg3+ 38. Kg2 Qc1 39. b4 Qf4 40. c4 1/2-1/2

[Event "Mazowiec-chT op"]
[Site "Mazowsze"]
[Date "2009.04.20"]
[Round "8"]
[White "Brudzinski, Maciej"]
[Black "Sujkowski, Pawel"]
[Result "1-0"]
[WhiteElo "1939"]
[BlackElo "1891"]
[PlyCount "67"]
[EventDate "2009.01.11"]
[EventType "team-tourn"]
[EventRounds "10"]
[EventCountry "POL"]
[SourceTitle "EXT 2013"]
[Source "ChessBase"]
[SourceDate "2012.11.22"]
[SourceVersion "1"]
[SourceVersionDate "2012.11.22"]
[SourceQuality "1"]

1. e4 c5 2. Nf3 Nc6 3. g3 g6 4. Bg2 Bg7 5. c3 d5 6. exd5 Qxd5 7. 0-0 Bg4 8. h3 Bf5 9. Qa4 Qd7 10. g4 Bd3 11. Re1 h5 12. g5 f6 13. Na3 0-0-0 14. Nc4 Kb8 15. b3 Qf5 16. Ne3 Qd7 17. Ba3 b6 18. Rac1 e5 19. Bb2 Nge7 20. c4 Nd4 21. Qxd7 Rxd7 22. gxf6 Bxf6 23. Nd5 Nxd5 24. Nxd4 exd4 25. cxd5 Rf8 26. b4 Bh4 27. bxc5 Bxf2+ 28. Kh1 Bxe1 29. c6 Bxd2 30. Rd1 Bc3 31. Ba3 Be2 32. cxd7 Kc7 33. Rc1 Rf4 34. Bd6+ 1-0

[Event "Mazowiec-chT"]
[Site "Mazowsze"]
[Date "2009.03.15"]
[Round "5"]
[White "Brudzinski, Maciej"]
[Black "Skawinski, Arkadiusz"]
[Result "0-1"]
[WhiteElo "1939"]
[BlackElo "2153"]
[PlyCount "56"]
[EventDate "2009.01.11"]
[EventType "team-tourn"]
[EventRounds "10"]
[EventCountry "POL"]
[SourceTitle "EXT 2013"]
[Source "ChessBase"]
[SourceDate "2012.11.22"]
[SourceVersion "1"]
[SourceVersionDate "2012.11.22"]
[SourceQuality "1"]

1. e4 g6 2. d3 Bg7 3. Nf3 c6 4. c3 d5 5. Nbd2 a5 6. g3 a4 7. a3 Nd7 8. Bg2 Nc5 9. Qe2 dxe4 10. dxe4 Nd3+ 11. Kf1 b6 12. Kg1 Ba6 13. Qe3 e5 14. g4 h5 15. g5 f6 16. h4 Nh6 17. gxf6 Bxf6 18. Bh3 Ng4 19. Bxg4 hxg4 20. Ng5 Nf4 21. c4 Bxg5 22. hxg5 Rxh1+ 23. Kxh1 Qxg5 24. Qxb6 Qh4+ 25. Kg1 g3 26. Qxc6+ Kf7 27. Qd7+ Kg8 28. Nf1 gxf2# 0-1

[Event "Mazowiec-chT"]
[Site "Mazowsze"]
[Date "2009.02.15"]
[Round "3"]
[White "Brudzinski, Maciej"]
[Black "Rozycki, Bartlomiej"]
[Result "0-1"]
[WhiteElo "1939"]
[BlackElo "1738"]
[PlyCount "66"]
[EventDate "2009.01.11"]
[EventType "team-tourn"]
[EventRounds "10"]
[EventCountry "POL"]
[SourceTitle "EXT 2013"]
[Source "ChessBase"]
[SourceDate "2012.11.22"]
[SourceVersion "1"]
[SourceVersionDate "2012.11.22"]
[SourceQuality "1"]

1. h4 e5 2. Nf3 Nc6 3. d3 Bc5 4. c3 d5 5. b4 Bd6 6. Qb3 Nf6 7. Bb2 0-0 8. Nbd2 e4 9. dxe4 dxe4 10. Ng5 e3 11. Nde4 exf2+ 12. Kxf2 Ng4+ 13. Kg1 h6 14. c4 Bf4 15. Rh3 hxg5 16. hxg5 Bf5 17. Rd1 Qe7 18. Nf6+ gxf6 19. e4 Qxe4 20. Bxf6 Nxf6 21. gxf6 Bxh3 22. gxh3 Qe3+ 23. Kh1 Qxb3 24. axb3 Rad8 25. Bd3 Ne5 26. Rg1+ Ng6 27. Bxg6 fxg6 28. Rxg6+ Kf7 29. Rg4 Be3 30. Rg7+ Kxf6 31. Rxc7 Rg8 32. Rxb7 Rg1+ 33. Kh2 Rd2# 0-1

[Event "Mazowiec-chT"]
[Site "Mazowsze"]
[Date "2009.01.25"]
[Round "2"]
[White "Borowicz, Miroslaw"]
[Black "Brudzinski, Maciej"]
[Result "1-0"]
[WhiteElo "1850"]
[BlackElo "1939"]
[PlyCount "130"]
[EventDate "2009.01.11"]
[EventType "team-tourn"]
[EventRounds "10"]
[EventCountry "POL"]
[SourceTitle "EXT 2013"]
[Source "ChessBase"]
[SourceDate "2012.11.22"]
[SourceVersion "1"]
[SourceVersionDate "2012.11.22"]
[SourceQuality "1"]

1. d4 Nf6 2. c4 d6 3. Nc3 Nbd7 4. Nf3 e5 5. dxe5 dxe5 6. e4 c6 7. a3 Qc7 8. Be3 h6 9. h3 Bc5 10. Bxc5 Nxc5 11. Qc2 a5 12. Be2 a4 13. Rd1 0-0 14. 0-0 Nh5 15. Rfe1 Nf4 16. Bf1 f5 17. Qd2 Nxe4 18. Nxe4 fxe4 19. Rxe4 Nxh3+ 20. Kh1 Rxf3 21. gxf3 Qf7 22. Qd8+ Kh7 23. Bxh3 Bxh3 24. Qd3 Bf5 25. Kg2 Rf8 26. Qe3 Qg6+ 27. Kf1 Bxe4 28. fxe4 Rf4 29. f3 Qh5 30. Ke2 Rh4 31. Kd3 Rh2 32. Rd2 Rh1 33. Kc3 Qf7 34. Kb4 Rc1 35. Qe2 b5 36. Rc2 Qe7+ 37. Kc3 Rg1 38. cxb5 Qc5+ 39. Qc4 Qe3+ 40. Qd3 Qe1+ 41. Kc4 Qa5 42. bxc6 Rg6 43. Qd5 Qb6 44. Kd3 Qa6+ 45. Qc4 Rd6+ 46. Ke3 Qa5 47. Qb4 Qa7+ 48. Qc5 Qc7 49. Rc4 Qe7 50. Ke2 Qd8 51. Qxd6 Qxd6 52. c7 Qg6 53. c8Q Qg2+ 54. Kd3 Qxf3+ 55. Kc2 Qb3+ 56. Kb1 Qd1+ 57. Rc1 Qd3+ 58. Qc2 Qd4 59. Rd1 Qa7 60. Rd5 Qg1+ 61. Ka2 Qg3 62. Qxa4 h5 63. Qe8 g6 64. Rxe5 Kh6 65. Qf8+ Kh7 1-0

[Event "Chylice Noworoczniak op"]
[Site "Chylice"]
[Date "2008.12.30"]
[Round "5.7"]
[White "Suliborski, Jakub"]
[Black "Brudzinski, Maciej"]
[Result "1-0"]
[WhiteElo "1831"]
[BlackElo "2010"]
[PlyCount "73"]
[EventDate "2008.12.27"]
[EventType "swiss"]
[EventRounds "5"]
[EventCountry "POL"]
[SourceTitle "EXT 2023"]
[Source "ChessBase"]
[SourceDate "2022.10.05"]
[SourceVersion "1"]
[SourceVersionDate "2022.10.05"]
[SourceQuality "1"]

1. e4 c5 2. Nf3 Nf6 3. Nc3 e6 4. d4 cxd4 5. Nxd4 Bb4 6. f3 Nxe4 7. fxe4 Qh4+ 8. Ke2 Bxc3 9. bxc3 Qxe4+ 10. Kf2 Nc6 11. Qf3 Qg6 12. Bd3 f5 13. Re1 0-0 14. Nxc6 bxc6 15. Bf4 d5 16. Be5 Qh6 17. Qf4 g5 18. Qf3 Rf7 19. Kg1 a6 20. Rab1 c5 21. c4 Bb7 22. Qe2 Rd8 23. cxd5 Bxd5 24. Bc4 Be4 25. Rb6 Re7 26. Rxa6 g4 27. Rd1 Rxd1+ 28. Qxd1 Qe3+ 29. Kh1 Bxc2 30. Qe2 Qc1+ 31. Qf1 Qe3 32. Bxe6+ Kf8 33. Ra8+ Re8 34. Bd6+ Kg7 35. Rxe8 Be4 36. Be5+ Kh6 37. Bf4+ 1-0